000 00372nam a2200145Ia 4500
008 221030s9999 xx 000 0 und d
041 _aEnglish
082 _a105.23
100 _aS. K. Sharma
245 0 _aManagement Processes & Organisational Behaviour Part - 1
_cby S. K. Sharma
260 _bMIET
_aJammu
_c0
300 _a69
650 _aTraining Notes
942 _cBK
999 _c9307
_d9307